Anti-oedematous effects of naturally-occuring flavonoids new results with a new combined technique /

Elmentve itt :
Bibliográfiai részletek
Szerzők: Gábor Miklós
Rázga Zsolt
Dokumentumtípus: Könyv része
Megjelent: Magyar Kémikusok Egyesülete (MKE) Budapest 1990
Sorozat:Eighth Hungarian Bioflavonoid Symposium, International Bioflavonoid Symposium : Abstracts
Tárgyszavak:
mtmt:1910700
Online Access:http://publicatio.bibl.u-szeged.hu/32690
LEADER 00846naa a2200217 i 4500
001 publ32690
005 20250408091910.0
008 250408s1990 hu o 000 eng d
020 |a 9638192283 
024 7 |a 1910700  |2 mtmt 
040 |a SZTE Publicatio Repozitórium  |b hun 
041 |a eng 
100 1 |a Gábor Miklós 
245 1 0 |a Anti-oedematous effects of naturally-occuring flavonoids   |h [elektronikus dokumentum] :  |b new results with a new combined technique /  |c  Gábor Miklós 
260 |a Magyar Kémikusok Egyesülete (MKE)  |b Budapest  |c 1990 
300 |a 4 
300 |a 10-13 
490 0 |a Eighth Hungarian Bioflavonoid Symposium, International Bioflavonoid Symposium : Abstracts 
650 4 |a Általános orvostudomány 
700 0 1 |a Rázga Zsolt  |e aut 
856 4 0 |u http://publicatio.bibl.u-szeged.hu/32690/1/aok_klny_169_90.pdf  |z Dokumentum-elérés